Which country - Statistics

General Stats
  • This quiz has been taken 22 times
  • The average score is 43 of 60
Answer Stats
Hint Answer % Correct
Coldest Canada
100%
Coastline Canada
100%
Lakes Canada
100%
Longest Border Canada
100%
Supported Canada
100%
Happiest Finland
95%
Santa Finland
95%
Northern Lights Finland
95%
Biggest Russia
95%
Legos Denmark
90%
Northernmost Denmark
90%
Food Mexico
90%
Bikes Netherlands
90%
Longest Border United States
90%
Polluted China
86%
Tallest mountain China
86%
Tourists France
86%
Populous India
86%
Peninsula India
86%
Southernmost New Zealand
86%
Most Islands Sweden
86%
Tallest building United Arab Emirates
86%
Smallest Vatican
86%
Least populated Vatican
86%
Earthquakes Chile
81%
Longest Chile
81%
Food Italy
81%
Peninsula Italy
81%
No churches Saudi Arabia
81%
Most Capitals South Africa
81%
Pyramids Sudan
81%
Sunniest Iceland
76%
Tallest mountain Nepal
76%
Pirates Somalia
76%
Food Spain
76%
Peninsula Spain
76%
Richest Monaco
71%
No Coca Cola North Korea
71%
Safest Switzerland
71%
Stable Switzerland
71%
Oil reserves Venezuela
71%
Crime rate Venezuela
71%
Emptiest Mongolia
67%
No Skyscrapers in Arabia Oman
67%
No Coca Cola Cuba
62%
Oldest San Marino
57%
Highest Bhutan
52%
Fattest Nauru
48%
Dangerous Afghanistan
43%
Highest capital Colombia
43%
Shortest Median Age Niger
43%
Prison population % El Salvador
33%
Poorest Burundi
29%
Dangerous slum Haiti
29%
Hottest Burkina Faso
24%
Driest Libya
24%
German not in europe Namibia
24%
Shortest border Zambia
19%
Shortest border Botswana
14%
Lowest Tuvalu
14%
No matching quizzes found
Score Distribution
Percent of People with Each Score
Percentile by Number Answered
Your Score History
You have not taken this quiz